| 000 | 00980nam0a22002411 4500 | ||
|---|---|---|---|
| 001 | rc\4062779 | ||
| 005 | 20130415151223.1 | ||
| 035 | _a(NLR Aleph) 007963059 | ||
| 090 |
_a8411990 _c8411990 |
||
| 100 | _a20130415d1948 |||y0rusy50 ca | ||
| 101 | 0 | _arus | |
| 102 | _aRU | ||
| 105 | _aa z ||||| | ||
| 200 | 1 |
_aОсновной закон движения жидкостей в пористых телах _eРуководство к практ. занятиям в гидравлической лаборатории _fГорьковский инж.-строит. ин-т им. В.П. Чкалова |
|
| 210 |
_aГорький _cБ. и. _d1948 |
||
| 215 |
_a9 с. _cил. _d22 |
||
| 300 | _aПеред загл. авт.: канд. техн. наук доц. А.С. Мейеров | ||
| 700 | 1 |
_aМейеров _bА. С. _gАлександр Сергеевич |
|
| 801 | 0 |
_aRU _bNLR _gpsbo |
|
| 801 | 1 |
_aRU _bELAR _2rusmarc |
|
| 852 |
_aNLR _jТ24 Г-6/304 |
||
| 942 | _cBOOK | ||
| 980 | _aNB | ||